000 00334nam a22001457a 4500
020 _a978-1-292-01954-3
082 _a657
100 _aKemp, Robert
245 _aFinancial Accounting
250 _a3rd
260 _aHarlow:
_bPearson Education,
_c2015.
300 _a757p.: ill.; 28cm
700 _aWaybriht, Jeffrey
942 _cBK
999 _c22129
_d22129